Bahay-Bahayan ng apat na munting karpentero / (Record no. 101953)
[ view plain ]
| 000 -LEADER | |
|---|---|
| fixed length control field | 00599nam a2200181 a 4500 |
| 005 - DATE AND TIME OF LATEST TRANSACTION | |
| control field | 20140412111222.0 |
| 008 - FIXED-LENGTH DATA ELEMENTS--GENERAL INFORMATION | |
| fixed length control field | 010131s19uu xx 00 eng d |
| 020 ## - INTERNATIONAL STANDARD BOOK NUMBER | |
| International Standard Book Number | 971-121-010-x |
| 050 ## - LIBRARY OF CONGRESS CALL NUMBER | |
| Classification number | Fil E |
| Item number | Ap1 1980 |
| 100 ## - MAIN ENTRY--PERSONAL NAME | |
| Personal name | Agulto, Tomas F. |
| 245 ## - TITLE STATEMENT | |
| Title | Bahay-Bahayan ng apat na munting karpentero / |
| Statement of responsibility, etc | Idea ni Tomas F. Agulto; guhit ni Fidelito Manto. |
| 260 ## - PUBLICATION, DISTRIBUTION, ETC. (IMPRINT) | |
| Place of publication, distribution, etc | QC, MM: |
| Name of publisher, distributor, etc | Children Comm. Center, |
| Date of publication, distribution, etc | 1980. |
| 300 ## - PHYSICAL DESCRIPTION | |
| Extent | 1 v. (unpaged): ill. |
| 440 ## - SERIES STATEMENT/ADDED ENTRY--TITLE | |
| Title | Aklat Adarna, Karanasan |
| 650 ## - SUBJECT ADDED ENTRY--TOPICAL TERM | |
| Topical term or geographic name as entry element | Four(the numbers); |
| General subdivision | Number Concept |
| 650 ## - SUBJECT ADDED ENTRY--TOPICAL TERM | |
| Topical term or geographic name as entry element | Silmulation games in education |
| Withdrawn status | Lost status | Damaged status | Home library | Current library | Shelving location | Date acquired | Source of acquisition | Total Checkouts | Full call number | Barcode | Date last seen | Price effective from | Koha item type |
|---|---|---|---|---|---|---|---|---|---|---|---|---|---|
| Elizalde Library | Elizalde Library | Filipiniana Section | 01/31/2001 | Fil E Ap1 1980 | E0168 | 04/12/2014 | 04/12/2014 | Books |